000 01017nam a2200313 a 4500
001 000112426
003 CHAP
005 20220329144305.0
008 160316s2015 mx a |r| ||||||spa d
010 _a108887
011 _a109859
020 _a9786071203960
040 _cCHAP
082 0 0 _a584.9044097252
_bM53
100 0 0 _aMendoza Pedroza, Sergio Ibán.
_974719
245 1 0 _aGramíneas y leguminosas del Estado de México /
_cpor Sergio Iban Mendoza Pedroza y Berta Rodríguez Castañeda.
260 _aChapingo, Méx. :
_bUACH.,
_c2015.
300 _a429 P. :
_bilus.
590 _aE5765TAJ
_b05
_c20160316
_lUCH01
_h1325
590 _aE5765TAJ
_b05
_c20160316
_lUCH01
_h1409
650 1 4 _aGramíneas
_xAnatomía y fisiología.
_950261
650 1 4 _aGramíneas
_xClasificación.
_950264
650 1 4 _aLeguminosas
_xAnatomía y fisiología.
_9130703
650 1 4 _aLeguminosas
_xClasificación.
_965816
700 0 _aRodríguez Castañeda, Bertha.
_998376
901 _aBK
942 _cLIBRO
942 _n0
999 _c108887
_d108887